Some issues related to sustainability in the smallholder rubber sector: A case study of three major rubber growing districts (Record no. 48367)

MARC details
000 -LEADER
fixed length control field 00611nam a2200181Ia 4500
100 ## - MAIN ENTRY--AUTHOR NAME
Personal name Wijesuriya Wasana
245 #0 - TITLE STATEMENT
Title Some issues related to sustainability in the smallholder rubber sector: A case study of three major rubber growing districts
260 ## - PUBLICATION, DISTRIBUTION, ETC. (IMPRINT)
Name of publisher Journal of the Rubber Research Institute of Sri Lanka
Year of publication 2007
300 ## - PHYSICAL DESCRIPTION
Number of Pages 59-76
650 ## - SUBJECT ADDED ENTRY--TOPICAL TERM
Topical Term Participatory rural appraisal
650 ## - SUBJECT ADDED ENTRY--TOPICAL TERM
Topical Term Smallholder
700 ## - ADDED ENTRY--PERSONAL NAME
Personal name Abeywardene Vidura
700 ## - ADDED ENTRY--PERSONAL NAME
Personal name Dissanayake D M A P
700 ## - ADDED ENTRY--PERSONAL NAME
Personal name Edirisinghe Jagath
700 ## - ADDED ENTRY--PERSONAL NAME
Personal name Herath Keminda
942 ## - ADDED ENTRY ELEMENTS (KOHA)
Koha item type Bibliography STAF
Holdings
Withdrawn status Lost status Damaged status Not for loan Home library Current library Shelving location Date acquired Serial Enumeration / chronology Koha item type
      Bibliography RRII Library RRII Library Agricultural economics 19/09/2008 Volume 88, Issue Bibliography STAF